[Event "HCL-B192"]
[Site "www.playchess.de"]
[Date "2001.02.23"]
[Round "1"]
[White "rockmountain"]
[Black "Translightor"]
[WhiteElo "761"]
[BlackElo "1417"]
[PlyCount "50"]
[Result "0-1"]

1.e4 {hello good luck}  c5 {Good luck to you too!} 
 2.Nc3 e6 3.d3 d5 4.Nf3 Nf6 5.Be2 Nc6 6.O-O Qc7 
7.a4 a6 8.a5 Nxa5 9.Bd2 Nc6 10.b3 Be7 11.e5 Nxe5 
12.d4 Nxf3+ 13.Bxf3 cxd4 14.Na4 b5 15.Nb2 Bc5 
16.Nd3 Bb6 17.b4 O-O 18.Nf4 Bb7 19.Nh5 Ne4 20.Bxe4 
dxe4 21.Bh6 f5 22.Nxg7 Rf6 23.Qh5 Qf7 24.Qh3 {be 
in hosiptal till 26th}  Bd5 {Okay, get well soon!} 
 25.Qh5 Qxh5 0-1

[Event "HCL-B189"]
[Site "www.playchess.de"]
[Date "2001.02.23"]
[Round "2"]
[White "dakini"]
[Black "assmonkey"]
[WhiteElo "1309"]
[BlackElo "1048"]
[PlyCount "79"]
[Result "1-0"]

1.d4 {hi and much fun wit this game ...}  Nf6 
{Hello.  Viel glück}  2.Bg5 d5 3.c4 Nc6 4.Bxf6 
exf6 5.e3 Bb4+ 6.Nd2 O-O 7.Ngf3 Bg4 8.h3 Bxf3 
9.Qxf3 dxc4 10.Bxc4 Bxd2+ 11.Kxd2 Re8 12.d5 Ne5 
13.Qe4 c6 14.Rhd1 cxd5 15.Bxd5 {I´m now online. We 
can do some moves}  Rc8 16.Ke1 Qe7 {I have an 
internet connection at work, so I can usually play 
here when nobody is looking.}  17.Bxb7 {Be 
careful! There are programs to verify every step 
you do on your computer, you know?}  Rcd8 18.Rxd8 
Rxd8 19.Rd1 Rd7 20.Ba6 g6 21.Bb5 Rxd1+ 22.Kxd1 Kf8 
23.f4 Nd7 24.Qxe7+ Kxe7 25.Bxd7 Kxd7 26.Kc2 Kd6 
27.Kc3 h6 28.Kc4 g5 29.b4 Kc6 30.a4 a6 31.f5 h5 
32.g3 {Hi! You have had a fine day today?}  g4 {I 
am doing good, wie geht es Ihnen?}  33.h4 {Danke 
auch gut. I just finished my praxisworks one hour 
ago and the evening starts ...}  Kd6 {Praxisworks? 
This isn't looking good for me, I don't think I 
can stop you from passing.}  34.b5 {I am a dentist 
here in a small village. I hope to succeed in 
passing by ...}  a5 35.Kd4 Kc7 36.Kc5 Kb7 37.Kd6 
Kb6 38.Ke7 {I hope to go the right way... anyway a 
fascinating game!}  Kc5 {It's over, I can't stop 
on either side.}  39.Kxf7 {So I hope on a revenge 
soon. You can send an email over "dakini" to me 
when starting a new tourn. ??}  Kb4 {Definatley.}  
40.b6 1-0

[Event "HCL-B195"]
[Site "www.playchess.de"]
[Date "2001.02.23"]
[Round "8"]
[White "Translightor"]
[Black "Hamburger"]
[WhiteElo "1428"]
[BlackElo "1241"]
[PlyCount "40"]
[Result "0-1"]

1.e4 {Hallo! Wünsche viel Spaß und eine 
interessante Partie.}  c5 2.Nf3 e6 3.d4 cxd4 
4.Nxd4 Nf6 5.Nc3 Bb4 6.e5 {Lb4 - interessanter 
Zug, spiele ich beim Blitzen auch manchmal.}  Nd5 
7.Qg4 Nxc3 8.Qxg7 Rf8 9.a3 Nb5+ 10.axb4 Nxd4 
11.Bh6 Qe7 12.Qxf8+ Qxf8 13.Bxf8 Nxc2+ 14.Kd2 Nxa1 
15.Bd6 a5 16.Bc4 axb4 17.Bxb8 b5 18.Rxa1 Rxa1 
19.Bd6 bxc4 20.Bxb4 Rh1 0-1

[Event "HCL-B189"]
[Site "www.playchess.de"]
[Date "2001.02.23"]
[Round "12"]
[White "DepthCharge"]
[Black "rockmountain"]
[WhiteElo "1516"]
[BlackElo "761"]
[PlyCount "41"]
[Result "1-0"]

1.e4 {Hello. Good luck! :)}  d5 {good luck}  
2.exd5 Qxd5 3.Nc3 Qd8 4.d4 Nf6 5.Bc4 e6 6.Nf3 Nc6 
7.O-O Bd6 8.d5 O-O 9.dxc6 bxc6 10.Bg5 c5 11.Ne4 h6 
12.Bh4 Nxe4 13.Bxd8 Rxd8 14.Qe2 f5 15.Rad1 Bb7 
16.Nd2 a5 17.Bxe6+ Kh8 18.Bxf5 Nf6 19.Bg6 a4 {be 
in hosiptal till 26th}  20.c4 {Ok. Hope everything 
will be fine. Take care.}  Be4 {thank you catch u 
monday}  21.Nxe4 1-0

[Event "ACL-A099"]
[Site "www.playchess.de"]
[Date "2001.02.23"]
[Round "10"]
[White "wedyan"]
[Black "malkawi2000"]
[WhiteElo "1500"]
[BlackElo "1700"]
[PlyCount "22"]
[Result "0-1"]

1.e4 e5 2.Nf3 Nc6 3.Bc4 Bc5 4.d4 exd4 5.O-O Nf6 
6.e5 d5 7.Bb5 Ne4 8.Nxd4 Bd7 9.f3 Bxd4+ 10.Kh1 
Nf2+ 11.Rxf2 Bxf2 0-1

[Event "ACL-A099"]
[Site "www.playchess.de"]
[Date "2001.02.23"]
[Round "19"]
[White "wedyan"]
[Black "lafa"]
[WhiteElo "1500"]
[BlackElo "1500"]
[PlyCount "27"]
[Result "1-0"]

1.e4 c6 2.d4 d5 3.Nc3 dxe4 4.Nxe4 Nf6 5.Ng5 Nbd7 
6.Bc4 e6 7.Qe2 Bd6 8.Nxf7 Qe7 9.Nxh8 Nb6 10.Bd3 
Bd7 11.Bg5 O-O-O 12.Bxf6 Qxf6 13.Bxh7 Rxh8 
14.Bd3 1-0

[Event "ACL-A099"]
[Site "www.playchess.de"]
[Date "2001.02.23"]
[Round "20"]
[White "lafa"]
[Black "malkawi2000"]
[WhiteElo "1500"]
[BlackElo "1700"]
[PlyCount "24"]
[Result "0-1"]

1.e4 e5 2.Nf3 Nf6 3.Nxe5 Nc6 4.Nxc6 dxc6 5.e5 Ne4 
6.d3 Bc5 7.dxe4 Bxf2+ 8.Ke2 Bg4+ 9.Kxf2 Qxd1 
10.Nc3 Qd4+ 11.Kg3 h5 12.Bf4 g5 0-1

[Event "HCL-B053"]
[Site "www.playchess.de"]
[Date "2001.02.23"]
[Round "1"]
[White "sarek"]
[Black "ric70"]
[WhiteElo "1200"]
[BlackElo "1200"]
[PlyCount "56"]
[Result "0-1"]

1.e4 c5 2.Nf3 d6 3.d4 cxd4 4.Nxd4 e5 5.Nf3 f5 
6.exf5 Bxf5 7.Nxe5 dxe5 8.Qh5+ g6 9.Bb5+ Nd7 
10.Bxd7+ Qxd7 11.Qe2 Rd8 12.Qxe5+ Be7 13.O-O Nf6 
14.Bg5 Rf8 15.Bxf6 Rxf6 16.Nc3 Bxc2 17.Rfe1 Kf7 
18.Rac1 Bf5 19.Rcd1 Re6 20.Rxd7 Rxe5 21.Rxe5 Rxd7 
22.h3 Bf6 23.Ra5 Rd2 24.Rb5 b6 25.g4 Bxc3 26.gxf5 
Bxb2 27.fxg6+ hxg6 28.Kg2 Bd4 0-1

[Event "HCL-B053"]
[Site "www.playchess.de"]
[Date "2001.02.23"]
[Round "2"]
[White "Riza"]
[Black "sarek"]
[WhiteElo "1500"]
[BlackElo "1200"]
[PlyCount "21"]
[Result "1-0"]

1.e4 c6 2.d4 d5 3.exd5 cxd5 4.Bb5+ Nc6 5.Nf3 Nf6 
6.O-O a6 7.Bxc6+ bxc6 8.c4 Bg4 9.cxd5 Nxd5 10.Qa4 
Qb6 11.Qxg4 1-0

[Event "HCL-B053"]
[Site "www.playchess.de"]
[Date "2001.02.23"]
[Round "3"]
[White "ric70"]
[Black "Riza"]
[WhiteElo "1200"]
[BlackElo "1500"]
[PlyCount "31"]
[Result "1-0"]

1.d4 Nf6 2.c4 e6 3.Nc3 Bb4 4.Nf3 c5 5.dxc5 Bxc3+ 
6.bxc3 Qa5 7.Qb3 Qxc5 8.Nd4 O-O 9.Nb5 Rd8 10.Be3 
Qc6 11.Nxa7 Qa6 12.Qb6 Nc6 13.Nxc6 Qxb6 14.Bxb6 
bxc6 15.Bxd8 Ba6 16.Bxf6 1-0

[Event "HCL-B053"]
[Site "www.playchess.de"]
[Date "2001.02.23"]
[Round "4"]
[White "sarek"]
[Black "paule"]
[WhiteElo "1200"]
[BlackElo "1532"]
[PlyCount "28"]
[Result "0-1"]

1.e4 e6 2.d4 d5 3.Nc3 Bb4 4.e5 c5 5.a3 Ba5 6.Bd2 
cxd4 7.Nb5 Nc6 8.Nd6+ Kf8 9.Bxa5 Qxa5+ 10.b4 Qc7 
11.f4 a5 12.b5 Nxe5 13.fxe5 Qc3+ 14.Qd2 
Qxa1+ 0-1

[Event "HCL-B053"]
[Site "www.playchess.de"]
[Date "2001.02.23"]
[Round "5"]
[White "paule"]
[Black "ric70"]
[WhiteElo "1532"]
[BlackElo "1200"]
[PlyCount "61"]
[Result "1-0"]

1.e4 c5 2.c3 Nf6 3.e5 Ne4 4.d3 f6 5.dxe4 fxe5 
6.Qh5+ g6 7.Qxe5 Rg8 8.Qxc5 d6 9.Bb5+ Bd7 10.Bxd7+ 
Nxd7 11.Qd5 Rg7 12.Nf3 b6 13.Ng5 Nf6 14.Qc6+ Nd7 
15.Ne6 Qc8 16.Qxa8 Qxa8 17.Nc7+ Kd8 18.Nxa8 Kc8 
19.a4 Kb7 20.Nxb6 Kxb6 21.Be3+ Kc6 22.Bxa7 e5 
23.Be3 Nf6 24.f3 Nd7 25.a5 Nc5 26.b4 Nd3+ 27.Kd2 
Nb2 28.Na3 d5 29.exd5+ Kxd5 30.a6 Ra7 
31.Bxa7 1-0

[Event "HCL-B053"]
[Site "www.playchess.de"]
[Date "2001.02.23"]
[Round "6"]
[White "Riza"]
[Black "paule"]
[WhiteElo "1500"]
[BlackElo "1532"]
[PlyCount "74"]
[Result "0-1"]

1.e4 e6 2.d4 d5 3.exd5 exd5 4.Nf3 Bd6 5.Be2 Nf6 
6.O-O Kf8 7.Nc3 c6 8.Re1 Bg4 9.h3 Bxf3 10.Bxf3 Qc7 
11.Bg5 Nbd7 12.Re2 h6 13.Bxf6 Nxf6 14.Qe1 g6 
15.Na4 Kg7 16.Nc5 Rhe8 17.Nd3 Rxe2 18.Qxe2 Re8 
19.Qd2 Ne4 20.Bxe4 dxe4 21.Re1 f5 22.f4 Rd8 23.Ne5 
c5 24.c3 cxd4 25.cxd4 Bc5 26.Qc1 Bxd4+ 27.Kf1 Bxe5 
28.fxe5 Qxe5 29.Qc3 Qxc3 30.bxc3 b6 31.Ke2 Rd3 
32.Rd1 Rxd1 33.Kxd1 Kf6 34.Kd2 Ke5 35.Ke3 f4+ 
36.Ke2 Kd5 37.h4 Kc4 0-1

[Event "HCL-B053"]
[Site "www.playchess.de"]
[Date "2001.02.23"]
[Round "7"]
[White "Gilbert"]
[Black "sarek"]
[WhiteElo "1200"]
[BlackElo "1200"]
[PlyCount "51"]
[Result "1-0"]

1.d4 Nf6 2.c4 g6 3.Nc3 d5 4.e3 Bg7 5.Nf3 O-O 6.Be2 
Bg4 7.Qb3 b6 8.cxd5 Nxd5 9.Qxd5 c6 10.Qxd8 Rxd8 
11.h3 Bc8 12.O-O Bb7 13.Rd1 Nd7 14.Bd2 c5 15.d5 
Ne5 16.Nxe5 Bxe5 17.e4 Rac8 18.Bg5 f6 19.Bh6 a6 
20.Bg4 Rcb8 21.Be6+ Kh8 22.Rac1 Bd4 23.Na4 Bc8 
24.Bxc8 Rdxc8 25.Bf4 Rb7 26.Rxd4 1-0

[Event "HCL-B053"]
[Site "www.playchess.de"]
[Date "2001.02.23"]
[Round "9"]
[White "Gilbert"]
[Black "Riza"]
[WhiteElo "1200"]
[BlackElo "1500"]
[PlyCount "47"]
[Result "1-0"]

1.b4 e5 2.Bb2 Bxb4 3.Bxe5 Nf6 4.c4 Nc6 5.Bc3 O-O 
6.Bxb4 Nxb4 7.a3 Nc6 8.e3 d5 9.d4 Be6 10.c5 a6 
11.Nf3 Ne4 12.Qc2 Qd7 13.Bd3 f5 14.O-O Rf6 15.Nbd2 
Rg6 16.Rab1 f4 17.Nxe4 dxe4 18.Bxe4 fxe3 19.Bxg6 
exf2+ 20.Qxf2 hxg6 21.Rxb7 Bd5 22.Ng5 Qf5 23.Qh4 
Qxf1+ 24.Kxf1 1-0

[Event "HCL-B053"]
[Site "www.playchess.de"]
[Date "2001.02.23"]
[Round "10"]
[White "paule"]
[Black "Gilbert"]
[WhiteElo "1532"]
[BlackElo "1200"]
[PlyCount "33"]
[Result "1/2-1/2"]

1.e4 e5 2.Nf3 Nc6 3.Bb5 a6 4.Ba4 Nf6 5.O-O b5 
6.Bb3 Bb7 7.d4 Nxd4 8.Bxf7+ Kxf7 9.Nxe5+ Kg8 
10.Qxd4 c5 11.Qd1 d6 12.Ng4 Nxe4 13.f3 Nf6 14.Bg5 
Be7 15.Qe2 Kf7 16.Nc3 Re8 17.Rae1 1/2-1/2

[Event "HCL-B053"]
[Site "www.playchess.de"]
[Date "2001.02.23"]
[Round "13"]
[White "Riza"]
[Black "lastrada"]
[WhiteElo "1500"]
[BlackElo "1200"]
[PlyCount "23"]
[Result "1-0"]

1.e4 c5 2.Nf3 d6 3.Bb5+ Bd7 4.a4 Nf6 5.Nc3 e6 
6.O-O Be7 7.e5 dxe5 8.Nxe5 Bxb5 9.axb5 Nbd7 10.d4 
cxd4 11.Qxd4 Bc5 12.Qc4 1-0

[Event "HCL-B053"]
[Site "www.playchess.de"]
[Date "2001.02.23"]
[Round "18"]
[White "wolverine"]
[Black "Riza"]
[WhiteElo "1200"]
[BlackElo "1500"]
[PlyCount "57"]
[Result "1-0"]

1.d4 Nf6 2.Nf3 g6 3.Bg5 h6 4.Bh4 Bg7 5.e3 d6 6.Bd3 
O-O 7.O-O Nbd7 8.Nbd2 c5 9.c3 b6 10.b4 Bb7 11.bxc5 
dxc5 12.Qb3 Nh5 13.Bxg6 Ndf6 14.Bxh5 Nxh5 15.dxc5 
Ba6 16.Rfc1 bxc5 17.Qa3 Qd6 18.Ne4 Qg6 19.Bxe7 
Rfe8 20.Nxc5 Be2 21.Nh4 Qg4 22.h3 Qc4 23.Nf5 Qd5 
24.e4 Qe5 25.Bd6 Qf6 26.Rc2 Nf4 27.Bxf4 Rxe4 
28.Nxh6+ Bxh6 29.Nxe4 1-0

[Event "HCL-B053"]
[Site "www.playchess.de"]
[Date "2001.02.23"]
[Round "19"]
[White "paule"]
[Black "wolverine"]
[WhiteElo "1532"]
[BlackElo "1200"]
[PlyCount "53"]
[Result "1-0"]

1.e4 c5 2.c3 d5 3.exd5 Qxd5 4.d4 cxd4 5.cxd4 Nc6 
6.Nf3 Bg4 7.Be2 e6 8.O-O Nf6 9.Nc3 Qa5 10.Qb3 Qb4 
11.Rd1 Qxb3 12.axb3 Be7 13.Be3 O-O 14.d5 Nxd5 
15.Nxd5 exd5 16.Rxd5 Bf6 17.Rd2 a6 18.h3 Bf5 19.g4 
Be6 20.Bg5 Bd8 21.Bc4 Bb6 22.Rc1 h6 23.Bf4 Rac8 
24.Re2 Rcd8 25.Be3 Bd5 26.Bxd5 Rxd5 
27.Bxb6 1-0

[Event "HCL-B053"]
[Site "www.playchess.de"]
[Date "2001.02.23"]
[Round "20"]
[White "wolverine"]
[Black "Gilbert"]
[WhiteElo "1200"]
[BlackElo "1200"]
[PlyCount "98"]
[Result "1/2-1/2"]

1.d4 Nf6 2.Nf3 g6 3.Bg5 Bg7 4.Nbd2 c5 5.e3 cxd4 
6.exd4 d5 7.Bd3 O-O 8.O-O Nc6 9.c3 Nh5 10.Re1 h6 
11.Be3 Qb6 12.Rb1 Bg4 13.h3 Bxf3 14.Nxf3 Nf6 
15.Qd2 Kh7 16.Ne5 e6 17.Re2 Qa5 18.a3 Nxe5 19.dxe5 
Nd7 20.f4 Nb6 21.Bd4 Rac8 22.Be3 Nc4 23.Qc1 Nxe3 
24.Qxe3 f5 25.exf6 e.p 26.Rxf6 Rbe1 27.Rc6 Qg3 
28.Bf8 Kh1 29.Rb6 Qh4 30.Kg7 c4 31.dxc4 Bxc4 
32.Qa4 Bxe6 33.Qd4 b4 34.Rxf4 Qg3 35.Bd6 Qe3 
36.Qxe3 R2xe3 37.a5 bxa5 38.Rb5 Rb3 39.Rxb3 Bxb3 
40.Bxa3 Bd5 41.Bb4 Rb1 42.Rd4 Bxb7 43.Bxa5 Kg1 
44.Rb4 Rxb4 45.Bxb4 Kf2 46.Kf6 Bc6 47.h5 Kf3 48.g5 
Be8 49.h4 g3 1/2-1/2

[Event "HCL-B053"]
[Site "www.playchess.de"]
[Date "2001.02.23"]
[Round "22"]
[White "sarek"]
[Black "adamant"]
[WhiteElo "1200"]
[BlackElo "1200"]
[PlyCount "66"]
[Result "0-1"]

1.e4 c5 2.Nf3 Nc6 3.Bb5 g6 4.O-O Bg7 5.Re1 d6 
6.Nc3 a6 7.Ba4 b5 8.Nxb5 axb5 9.Bxb5 Bd7 10.c4 Nb4 
11.a4 Nh6 12.d4 Bxb5 13.cxb5 c4 14.Bd2 Nd3 15.Bxh6 
Bxh6 16.Re2 O-O 17.b3 d5 18.exd5 Qxd5 19.bxc4 Qxc4 
20.Rc2 Qb3 21.Rb1 Qa3 22.Ra1 Qb3 23.Rb1 Nxf2 
24.Rxf2 Qxd1+ 25.Rxd1 Be3 26.Ra1 Rfc8 27.Kf1 Bxf2 
28.Kxf2 Ra5 29.Ne5 Rca8 30.Nc6 R5xa4 31.Re1 R4a2+ 
32.Kf3 e6 33.h4 R8a3+ 0-1

[Event "HCL-B053"]
[Site "www.playchess.de"]
[Date "2001.02.23"]
[Round "23"]
[White "adamant"]
[Black "ric70"]
[WhiteElo "1200"]
[BlackElo "1200"]
[PlyCount "44"]
[Result "0-1"]

1.e4 c5 2.Nf3 d6 3.Bc4 Nf6 4.O-O Nxe4 5.Nc3 Nxc3 
6.dxc3 e6 7.Re1 Be7 8.b3 Bf6 9.Qd2 O-O 10.Bb2 d5 
11.Bd3 a6 12.Rad1 Nd7 13.Ba3 Qa5 14.Bb2 Qxa2 
15.Ba3 Qxa3 16.Rda1 Qb2 17.Qc1 Bxc3 18.Ra4 Qxc1 
19.Rxc1 e5 20.Bf5 e4 21.Ng5 Nb6 22.Ra2 
Bxf5 0-1

[Event "HCL-B053"]
[Site "www.playchess.de"]
[Date "2001.02.23"]
[Round "24"]
[White "Riza"]
[Black "adamant"]
[WhiteElo "1500"]
[BlackElo "1200"]
[PlyCount "49"]
[Result "1-0"]

1.e4 e5 2.Nf3 d6 3.d4 exd4 4.c3 dxc3 5.Nxc3 Nf6 
6.Bd3 Bg4 7.O-O Nc6 8.h3 h5 9.Bg5 Ne5 10.Bxf6 Qxf6 
11.Nd5 Nxf3+ 12.gxf3 Qh4 13.fxg4 Qxh3 14.g5 O-O-O 
15.Rc1 Rd7 16.Rc3 f6 17.Bb5 Qh4 18.Bxd7+ Kxd7 
19.Rxc7+ Kd8 20.Qf3 Qxg5+ 21.Qg3 Qh6 22.Rfc1 h4 
23.R7c8+ Kd7 24.R1c7+ Ke6 25.Re8+ 1-0

[Event "HCL-B053"]
[Site "www.playchess.de"]
[Date "2001.02.23"]
[Round "25"]
[White "adamant"]
[Black "paule"]
[WhiteElo "1200"]
[BlackElo "1532"]
[PlyCount "64"]
[Result "0-1"]

1.d4 c5 2.c3 e6 3.Bf4 Nf6 4.Nf3 b6 5.Nbd2 Bb7 6.e3 
h6 7.Bd3 Be7 8.e4 cxd4 9.Nxd4 d6 10.O-O e5 11.Re1 
exf4 12.Nf5 g6 13.Nxd6+ Qxd6 14.Bb5+ Nbd7 15.e5 
Qd5 16.Qf3 O-O-O 17.exf6 Qxb5 18.Ne4 Nxf6 19.Qh3+ 
Kb8 20.Nxf6 Bxf6 21.b3 Rd3 22.Qg4 Bxc3 23.Qxf4+ 
Ka8 24.Rac1 Bxe1 25.Rxe1 Rhd8 26.h3 R3d1 27.Rxd1 
Rxd1+ 28.Kh2 Rh1+ 29.Kg3 Rg1 30.f3 Qe2 31.Kh4 Rxg2 
32.Qxf7 Qf2+ 0-1

[Event "HCL-B053"]
[Site "www.playchess.de"]
[Date "2001.02.23"]
[Round "26"]
[White "Gilbert"]
[Black "adamant"]
[WhiteElo "1200"]
[BlackElo "1200"]
[PlyCount "87"]
[Result "1-0"]

1.c4 e5 2.Nc3 Nf6 3.Nf3 Bc5 4.Nxe5 d6 5.Nf3 O-O 
6.d4 Bb6 7.Bg5 Re8 8.e3 Bg4 9.h3 Bxf3 10.Qxf3 Bxd4 
11.Qxb7 Nbd7 12.Nd5 Rc8 13.O-O-O Bb6 14.Nxf6+ Nxf6 
15.Qf3 c6 16.Bxf6 gxf6 17.Qg3+ Kh8 18.Rxd6 Qe7 
19.Bd3 Reg8 20.Qh4 Rg7 21.Qxf6 Qe8 22.Bf5 Bd8 
23.Qd4 Rb8 24.Bd7 Qe7 25.Bxc6 f6 26.Rd1 Bb6 
27.Qxf6 Qxf6 28.Rxf6 Bc5 29.Rd5 Be7 30.Re6 Rf7 
31.Rd7 Re8 32.Rxa7 Rc8 33.Bd5 Re8 34.f4 Kg7 35.Re5 
Kf6 36.Bxf7 Kxf7 37.Rexe7+ Rxe7 38.Rxe7+ Kxe7 
39.Kd2 Ke6 40.Kd3 Kd6 41.Kd4 h5 42.g4 h4 43.c5+ 
Kc6 44.f5 1-0

[Event "HCL-B053"]
[Site "www.playchess.de"]
[Date "2001.02.23"]
[Round "27"]
[White "adamant"]
[Black "lastrada"]
[WhiteElo "1200"]
[BlackElo "1200"]
[PlyCount "58"]
[Result "0-1"]

1.d4 Nf6 2.Nf3 g6 3.Nc3 d5 4.Bg5 Bg7 5.Bxf6 Bxf6 
6.e4 dxe4 7.Nxe4 Bg7 8.Bc4 O-O 9.h4 Bg4 10.Qd3 
Bxf3 11.Qxf3 Qxd4 12.Bb3 Qxb2 13.Rd1 Nc6 14.Ng5 
Qe5+ 15.Kf1 e6 16.Re1 Qb5+ 17.Kg1 Nd4 18.Qh3 Rad8 
19.a4 Qb4 20.Re4 Qc5 21.Rg4 Nxb3 22.h5 Be5 23.g3 
f5 24.hxg6 Rd1+ 25.Kg2 Qxf2+ 26.Kxf2 fxg4+ 27.Nf3 
Rxf3+ 28.Kg2 Rd2+ 29.Kg1 Bd4+ 0-1

[Event "HCL-B053"]
[Site "www.playchess.de"]
[Date "2001.02.23"]
[Round "28"]
[White "wolverine"]
[Black "adamant"]
[WhiteElo "1200"]
[BlackElo "1200"]
[PlyCount "93"]
[Result "1-0"]

1.d4 d5 2.Nf3 c5 3.e3 cxd4 4.exd4 Nc6 5.c3 Nf6 
6.Bd3 Bg4 7.O-O e6 8.Bg5 Bd6 9.Nbd2 O-O 10.Qb3 Qc7 
11.Qc2 Ne4 12.Bxe4 dxe4 13.Qxe4 Bf5 14.Qe2 f6 
15.Bh4 Rae8 16.Ne4 e5 17.Bg3 Bg4 18.Qc4+ Be6 19.d5 
Bf7 20.Rad1 Rec8 21.Nxd6 Qxd6 22.dxc6 Qxd1 
23.Qxf7+ Rxf7 24.Rxd1 Rxc6 25.Kf1 a5 26.Bxe5 Re7 
27.Rd8+ Kf7 28.Bd4 b5 29.Rb8 b4 30.Ra8 bxc3 
31.Bxc3 Rc5 32.Rxa5 Rxa5 33.Bxa5 Ke8 34.a4 Ra7 
35.b4 Kd7 36.Nd4 Kd6 37.Nf5+ Kd5 38.Ne3+ Ke6 
39.Ke2 Kd6 40.Nc4+ Kc6 41.b5+ Kc5 42.Bb6+ Kxc4 
43.Bxa7 Kd5 44.a5 Kd6 45.Kd3 g5 46.g4 Kc7 
47.Bd4 1-0

[Event "HCL-B053"]
[Site "www.playchess.de"]
[Date "2001.02.23"]
[Round "29"]
[White "Jacki"]
[Black "sarek"]
[WhiteElo "1500"]
[BlackElo "1200"]
[PlyCount "29"]
[Result "1-0"]

1.d4 Nf6 2.c4 e6 3.Nc3 Bb4 4.Bg5 O-O 5.e4 h6 6.h4 
Be7 7.e5 Nh7 8.f4 hxg5 9.hxg5 Nxg5 10.Qh5 f6 
11.fxg5 fxg5 12.Bd3 Rf5 13.g4 Nc6 14.gxf5 Nxd4 
15.f6 1-0

[Event "HCL-B053"]
[Site "www.playchess.de"]
[Date "2001.02.23"]
[Round "30"]
[White "ric70"]
[Black "Jacki"]
[WhiteElo "1200"]
[BlackElo "1500"]
[PlyCount "31"]
[Result "1-0"]

1.d4 d5 2.c4 e6 3.e3 Nf6 4.Nf3 Ne4 5.c5 b6 6.cxb6 
axb6 7.Qc2 Bb7 8.Bd3 c5 9.O-O Nd7 10.Nc3 Nxc3 
11.bxc3 c4 12.Be2 Bd6 13.Rb1 Ra5 14.Nd2 e5 15.Bxc4 
exd4 16.Nb3 1-0

[Event "HCL-B053"]
[Site "www.playchess.de"]
[Date "2001.02.23"]
[Round "32"]
[White "paule"]
[Black "Jacki"]
[WhiteElo "1532"]
[BlackElo "1500"]
[PlyCount "27"]
[Result "1-0"]

1.e4 c5 2.c3 Nf6 3.e5 Nd5 4.d4 cxd4 5.cxd4 Qc7 
6.Nf3 b5 7.Bd2 a6 8.Nc3 Nb6 9.Rc1 Nc6 10.Bd3 Nb4 
11.Be4 Nc6 12.d5 Nxe5 13.Nxb5 Nxf3+ 
14.Qxf3 1-0

[Event "HCL-B053"]
[Site "www.playchess.de"]
[Date "2001.02.23"]
[Round "34"]
[White "lastrada"]
[Black "Jacki"]
[WhiteElo "1200"]
[BlackElo "1500"]
[PlyCount "21"]
[Result "1-0"]

1.c4 e5 2.Nc3 Nf6 3.Nf3 Nc6 4.g3 d5 5.cxd5 Nxd5 
6.Bg2 Nxc3 7.bxc3 Bc5 8.O-O e4 9.Ne1 e3 10.d4 
exf2+ 11.Rxf2 1-0

[Event "HCL-B053"]
[Site "www.playchess.de"]
[Date "2001.02.23"]
[Round "35"]
[White "Jacki"]
[Black "wolverine"]
[WhiteElo "1500"]
[BlackElo "1200"]
[PlyCount "54"]
[Result "0-1"]

1.d4 Nf6 2.c4 g6 3.Nc3 Bg7 4.e4 d6 5.Bg5 c5 6.dxc5 
Qa5 7.Qd2 Qxc5 8.Nd5 Nxd5 9.exd5 Bf5 10.Be2 Qb6 
11.Bd3 Bxd3 12.Qxd3 Qxb2 13.Rb1 Qxa2 14.Rxb7 Nd7 
15.Ne2 h6 16.Be3 Ne5 17.Qe4 O-O 18.Nc1 Qa6 19.Rxe7 
Bf6 20.Bxh6 Bxe7 21.O-O Rfc8 22.f4 Ng4 23.Qxe7 
Qxc4 24.f5 Qc5+ 25.Kh1 Nf2+ 26.Kg1 Nh3+ 27.Kh1 
Qg1+ 0-1

[Event "HCL-A036"]
[Site "www.playchess.de"]
[Date "2001.02.24"]
[Round "12"]
[White "mkluwe"]
[Black "Norbert"]
[WhiteElo "2037"]
[BlackElo "1700"]
[PlyCount "70"]
[Result "1/2-1/2"]

1.Nf3 d5 2.c4 e6 3.d4 Nf6 4.g3 dxc4 5.Bg2 Nc6 
6.Qa4 Bb4+ 7.Bd2 Nd5 8.Bxb4 Ndxb4 9.O-O Rb8 10.Nc3 
a6 11.Ne5 Qxd4 12.Nxc6 Nxc6 13.Bxc6+ bxc6 14.Qxc6+ 
Qd7 15.Qxc4 O-O 16.Rad1 Qe7 17.Rd2 Rb4 18.Qd3 Rb6 
19.Rfd1 Rd6 20.Qc4 Rfd8 21.Ne4 R6xd2 22.Rxd2 Rxd2 
23.Nxd2 Qd7 24.Nb3 Bb7 25.f3 Qd6 26.e4 Bc8 27.Qc3 
Bd7 28.Kf2 Bb5 29.e5 Qd1 30.Qd2 Qf1+ 31.Ke3 h6 
32.a3 Qg1+ {Es sieht wirklich nach remis aus, aber 
etwas muss ich noch ausprobieren.}  33.Kf4 c5 
34.h4 c4 35.Nd4 Ba4 {Es bleibt wohl doch remis} 
 1/2-1/2

[Event "HCL-A061"]
[Site "www.playchess.de"]
[Date "2001.02.24"]
[Round "18"]
[White "klypp"]
[Black "Kasparovjr"]
[WhiteElo "2112"]
[BlackElo "1700"]
[PlyCount "85"]
[Result "1-0"]

1.e4 c5 2.Nf3 e6 3.d4 cxd4 4.Nxd4 Nc6 5.Nc3 Nf6 
6.Be2 d6 7.O-O Be7 8.Be3 O-O 9.f4 a6 10.Bf3 Qc7 
11.Qe1 Nxd4 12.Bxd4 e5 13.fxe5 dxe5 14.Qg3 Bc5 
15.Bxc5 Qxc5+ 16.Kh1 Be6 17.Be2 Nd7 18.Rad1 Rad8 
19.Bg4 Bxg4 20.Qxg4 Nb6 21.Qe2 Qc4 22.Rxd8 Rxd8 
23.Qf3 f6 24.Rd1 Rd4 25.h3 Nc8 26.a3 b5 27.Rd3 Nd6 
28.Kh2 a5 29.Qg4 f5 30.Qg5 fxe4 31.Nxe4 Nf7 32.Qe7 
h6 33.Rc3 Qd5 34.Rc7 Rxe4 35.c4 bxc4 36.Rd7 Qxd7 
37.Qxd7 Ng5 38.Qd5+ Kh7 39.Qxa5 Re2 40.Qd5 Rxb2 
41.h4 c3 42.hxg5 c2 43.Qd3+ 1-0

[Event "HCL-A064"]
[Site "www.playchess.de"]
[Date "2001.02.24"]
[Round "13"]
[White "minkin72"]
[Black "Tassiac"]
[WhiteElo "2022"]
[BlackElo "1560"]
[PlyCount "35"]
[Result "1-0"]

1.e4 e5 2.Nf3 Nf6 3.Nxe5 d6 4.Nf3 Nxe4 5.c4 Be7 
6.Be2 Nc6 7.O-O O-O 8.d4 d5 9.Nc3 Nxc3 10.bxc3 
dxc4 11.Bxc4 Bg4 12.Qd3 a6 13.Bb3 Bh5 14.Bc2 {I 
don't like how I stand :( You are too well 
protected!!!}  Bg6 {But my position has some 
problems also..}  15.Qe2 {I have a feeling this 
will be a long strugle and eventual draw?!}  Bxc2 
{Could be, the Petroff has that reputation}  
16.Qxc2 Bf6 17.Re1 Qe8 18.Rxe8 1-0

[Event "HCL-B074"]
[Site "www.playchess.de"]
[Date "2001.02.24"]
[Round "13"]
[White "Knotamaster"]
[Black "boehnisch"]
[WhiteElo "1614"]
[BlackElo "1200"]
[PlyCount "65"]
[Result "1-0"]

1.Nf3 d6 2.d4 g6 3.g3 Nf6 4.Bg2 Nc6 5.O-O Bg7 6.c4 
Ne4 7.d5 Ne5 8.Nxe5 dxe5 9.Bxe4 f5 10.Bg2 Qd6 
11.e3 b6 12.Nc3 Bb7 13.b3 O-O-O 14.Nb5 Qb4 
15.Nxa7+ Kb8 16.Nb5 e4 17.Bd2 Qc5 18.Rb1 e6 19.Nd4 
exd5 20.Ne6 Qa3 21.Nxd8 Rxd8 22.Qc2 Ba6 23.Bc1 Qe7 
24.Bb2 Bxb2 25.Rxb2 dxc4 26.bxc4 Qc5 27.Rc1 g5 
28.Qa4 Bb7 29.Rb5 Qc6 30.Qb4 Ba6 31.Rxf5 h6 32.a4 
Qe6 33.g4 1-0

[Event "HCL-B087"]
[Site "www.playchess.de"]
[Date "2001.02.24"]
[Round "7"]
[White "Karl"]
[Black "peze"]
[WhiteElo "1098"]
[BlackElo "1758"]
[PlyCount "72"]
[Result "0-1"]

1.e4 e5 2.Nf3 Nf6 3.Nc3 Nc6 4.Bc4 Nxe4 5.Nxe4 d5 
6.Bb5 dxe4 7.Bxc6+ bxc6 8.Nxe5 Qg5 9.d4 Qxg2 
10.Rf1 Bh3 11.Ke2 Qxf1+ 12.Qxf1 Bxf1+ 13.Kxf1 Bd6 
14.Nxc6 Bxh2 15.Bg5 h6 16.Be7 Kd7 17.d5 h5 18.Kg2 
Bd6 19.Bxd6 Kxd6 20.c4 a6 21.Re1 Rae8 22.Kg3 h4+ 
23.Kh3 Kc5 24.b3 f5 25.Re2 g5 26.Re3 g4+ 27.Kg2 f4 
28.Rc3 g3 29.fxg3 f3+ 30.Kf2 hxg3+ 31.Kxg3 Reg8+ 
32.Kf4 f2 33.Rc1 Rg1 34.b4+ Kd6 35.c5+ Kxd5 
36.Ne7+ Ke6 0-1

[Event "HCL-B087"]
[Site "www.playchess.de"]
[Date "2001.02.24"]
[Round "20"]
[White "CHARON"]
[Black "Karl"]
[WhiteElo "1468"]
[BlackElo "1098"]
[PlyCount "61"]
[Result "1-0"]

1.e4 d5 2.exd5 c6 3.dxc6 Nxc6 4.Nf3 Nf6 5.Bb5 Bd7 
6.d4 e6 7.O-O Be7 8.Nc3 O-O 9.a3 e5 10.dxe5 Ng4 
11.Bf4 f6 12.e6 Bxe6 13.h3 Qxd1 14.Raxd1 Nge5 
15.Nxe5 fxe5 16.Bxc6 exf4 17.Bxb7 Rab8 18.Bd5 Bxd5 
19.Nxd5 Bf6 20.Nxf6+ Rxf6 21.b4 g5 22.Rd5 h6 23.c4 
Rc6 24.Rc1 a6 25.Rd7 Kf8 26.Ra7 Ke8 27.Re1+ Kd8 
28.Ree7 Rxc4 29.Reh7 Rc1+ 30.Kh2 Rc6 
31.Rh8+ 1-0

[Event "HCL-B109"]
[Site "www.playchess.de"]
[Date "2001.02.24"]
[Round "9"]
[White "DTG007"]
[Black "PieceSeeker"]
[WhiteElo "1021"]
[BlackElo "1277"]
[PlyCount "40"]
[Result "0-1"]

1.e4 c6 2.d4 d5 3.Nc3 dxe4 4.Nxe4 Bf5 5.Ng3 Bg6 
6.h4 h6 7.h5 Bh7 8.Bd3 Bxd3 9.Qxd3 Nf6 10.b3 e6 
11.Bb2 Qa5+ 12.c3 c5 13.Nf3 Nc6 14.O-O cxd4 
15.Nxd4 Nxd4 16.Qxd4 Rd8 17.Qe3 Nxh5 18.Nxh5 Qxh5 
19.Qxa7 Bd6 20.g3 Bc5 0-1